La ley penal en blanco

Uloženo v:
Podrobná bibliografie
Hlavní autor: Cury Urzúa, Enrique (Autor)
Médium: Kniha
Jazyk:španělština
Vydáno: Bogotá Temis 1988
Témata:
Tagy: Přidat tag
Žádné tagy, Buďte první, kdo vytvoří štítek k tomuto záznamu!

MARC

LEADER 00000nam a2200000 a 4500
001 UCV1404
003 CL-VaPUC
008 900605e19880000CK |||||||||||||||||spa|d
082 0 4 |a 345.001  |b CUR  |2 21 
100 0 |a Cury Urzúa, Enrique  |e author  |9 295659 
245 1 3 |a La ley penal en blanco 
300 |a 152 p 
942 |c BK 
945 |d 19900605 00:00:00 
260 |a Bogotá  |b Temis  |c 1988 
650 7 |a LEY EN BLANCO  |2 CL-VaPUC  |9 256358 
650 7 |a DERECHO PENAL  |2 CL-VaPUC  |9 11 
583 |a last modification  |c 19900605 00:00:00  |k Rodrigo Vera 
999 |c 209363  |d 209361 
952 |0 0  |1 0  |4 0  |6 345_001000000000000_CUR_1988  |7 0  |8 A  |9 184725  |a BIBDER  |b BIBDER  |d 2019-11-14  |i 2520443  |o 345.001 CUR 1988  |p 2520443  |r 2023-01-25  |w 2019-11-14  |y BK  |k DER